Here beneath low-flying planes (Record no. 34363)
[ view plain ]
| 000 -LEADER | |
|---|---|
| fixed length control field | 01403nam a2200325 a 4500 |
| 082 04 - DEWEY DECIMAL CLASSIFICATION NUMBER | |
| Classification number | 813/.6 |
| 100 1# - MAIN ENTRY--AUTHOR NAME | |
| Personal name | Feitell, Merrill, |
| 245 10 - TITLE STATEMENT | |
| Title | Here beneath low-flying planes |
| 260 ## - PUBLICATION, DISTRIBUTION, ETC. (IMPRINT) | |
| Place of publication | Iowa City : |
| Name of publisher | University of Iowa Press, |
| Year of publication | c2004. |
| 300 ## - PHYSICAL DESCRIPTION | |
| Number of Pages | 123 p. |
| 490 1# - SERIES STATEMENT | |
| Series statement | The Iowa short fiction award |
| 505 0# - FORMATTED CONTENTS NOTE | |
| Formatted contents note | It couldn't be more beautiful -- Bike New York! -- The marrying kind -- The dumpling king -- And then you stand up -- Our little lone star -- Such a big Mr. England -- Here beneath low-flying planes. |
| 856 40 - ELECTRONIC LOCATION AND ACCESS | |
| Uniform Resource Identifier | http://site.ebrary.com/lib/rucke/Doc?id=10354412 |
No items available.
